Murder up my sleeve

Uloženo v:
Podrobná bibliografie
Hlavní autor: Gardner, Erle Stanley (Autor)
Médium: Kniha
Jazyk:angličtina
Vydáno: Nueva York Pocket Books 1946
Edice:Complete & Unabridged, 368
Témata:
Tagy: Přidat tag
Žádné tagy, Buďte první, kdo vytvoří štítek k tomuto záznamu!

MARC

LEADER 00000nam a2200000 a 4500
001 UCZ5652
003 CL-VaPUC
008 951124e19460000US |||||||||||||||||eng|d
082 0 4 |a 823  |b GAR  |2 21 
100 |a Gardner, Erle Stanley  |e author  |9 420838 
245 1 0 |a Murder up my sleeve 
300 |a 214 p 
942 |c BK 
945 |d 19951124 00:00:00  |a cmena 
260 |a Nueva York  |b Pocket Books  |c 1946 
650 0 |a Novelas inglesas  |9 265220 
650 0 |a Literatura inglesa  |9 312907 
650 7 |a NOVELAS POLICIACAS INGLESAS  |2 CL-VaPUC  |9 349773 
583 |a last modification  |c 19951124 00:00:00  |k Rodrigo Vera 
490 0 |a Complete & Unabridged, 368 
999 |c 241943  |d 241941 
952 |0 0  |1 0  |4 0  |6 823_000000000000000_GAR_1946  |7 0  |8 P  |9 254594  |a BIBEDU  |b BIBEDU  |c BIBEDU_PB  |d 2019-11-19  |i 1579576  |o 823 GAR 1946  |p 1579576  |r 2024-01-25  |w 2019-11-19  |y BK  |k FIL